An uneasy relationship (Record no. 68002)
[ view plain ]
| 000 -LEADER | |
|---|---|
| fixed length control field | 01044nam a2200265Ia 4500 |
| 100 1# - MAIN ENTRY--AUTHOR NAME | |
| Personal name | O'Collins, Maev. |
| 245 13 - TITLE STATEMENT | |
| Title | An uneasy relationship |
| 260 ## - PUBLICATION, DISTRIBUTION, ETC. (IMPRINT) | |
| Place of publication | Canberra, Australia : |
| Name of publisher | Pandanus Books, |
| Year of publication | 2002. |
| 300 ## - PHYSICAL DESCRIPTION | |
| Number of Pages | xx, 175 p. |
| 856 40 - ELECTRONIC LOCATION AND ACCESS | |
| Uniform Resource Identifier | http://site.ebrary.com/lib/rucke/Doc?id=10057994 |
No items available.
